El anarquismo y la clase obrera mexicana, 1860-1931 /
Guardat en:
| Autor principal: | |
|---|---|
| Format: | Llibre |
| Idioma: | espanyol |
| Publicat: |
México :
Siglo XXI,
1980, c1980
|
| Col·lecció: | (Historia)
|
| Matèries: | |
| Etiquetes: |
Sense etiquetes, Sigues el primer a etiquetar aquest registre!
|
MARC
| LEADER | 00000nam^a2200000^a^4500 | ||
|---|---|---|---|
| 001 | 000121108 | ||
| 005 | 20250521000000.0 | ||
| 009 | 20260310094416.442 | ||
| 020 | |a 968-23-0947-6 | ||
| 037 | |a Acervo ITESO - Biblioteca | ||
| 041 | |a ESP | ||
| 082 | |a 972. 06 |b HAR | ||
| 100 | |a Carranza, Venustiano, |c Hart, John M. |e (autor) | ||
| 245 | 1 | 3 | |a El anarquismo y la clase obrera mexicana, 1860-1931 / |c J.M. Hart ; tr. por María Luisa Puga. |
| 264 | 4 | |a México : |b Siglo XXI, |c 1980, c1980 | |
| 300 | |a 244 p. | ||
| 336 | |a texto |b txt |2 rdacontenido | ||
| 337 | |a sin mediación |b n |2 rdamedio | ||
| 338 | |a volumen |b nc |2 rdasoporte | ||
| 440 | 1 | |a (Historia) | |
| 500 | |a Traducción de: Anarchism and the Mexican Working Class, 1860-1931 | ||
| 649 | |a XX | ||
| 650 | |a Anarquismo - |z México - |x Historia | ||
| 650 | |a Sindicalismo - |z México - |x Historia | ||
| 650 | |a Movimientos Obreros | ||
| 650 | |a Movimientos Urbano-Populares | ||
| 650 | |a Movimientos Sociales | ||
| 650 | |a Política - |z México - |x Historia - |y Revolución, 1910-1917 | ||
| 650 | |a Política - |z México - |x Historia - |y 1910-1946 | ||
| 910 | |a Fondo General | ||
| 920 | |a Impresos - Libros | ||
| 930 | |a Colección General | ||
| 905 | |a 101 | ||
| 901 | |a 0161060100 |b IT1 |c ACC |u 20250521 | ||
| 902 | |a https://opac.biblio.iteso.mx/vufind/Record/000121108 | ||